000 00547nam a2200169Ia 4500
003 GCL
008 140319s9999 xx 000 0 ara d
040 _aGCL /
_cGCL
082 0 4 _a347.02
_bف.ج
100 1 _aفتيحة قرة
245 1 0 _aالجديد فى الاحوال الشخصية للمسلمين وغير المسلمين /
_cفتيحة قرة
260 _a[S.N] :
_bمكتبه النهضه المصريه ،
_c1993
300 _a157 ص
490 _aالكتب القانونية
_v0
650 0 4 _aالقانون
942 _2ddc
_cBK
999 _c53859
_d53859